[Event "Open International Graz"]
[Date "2026.02.20"]
[White "Martins, Bruno Andre Leite"]
[Black "Shengelia, David"]
[WhiteElo "2376"]
[BlackElo "2487"]
[Round "9.9.3"]
[Result "1/2-1/2"]

e4 {[%clk 1:30:56]} c6 {[%clk 1:30:43]} Nf3 {[%clk 1:29:32]} d5 {[%clk 1:31:06]}
exd5 {[%clk 1:28:28]} cxd5 {[%clk 1:31:31]} d4 {[%clk 1:28:52]} Nc6 {[%clk
1:29:55]} c3 {[%clk 1:29:12]} Nf6 {[%clk 1:29:37]} Ne5 {[%clk 1:28:43]} a6
{[%clk 1:16:17]} Bd3 {[%clk 1:18:39]} g6 {[%clk 1:10:33]} O-O {[%clk 1:07:28]}
Bg7 {[%clk 1:07:40]} Qe2 {[%clk 1:04:08]} Nxe5 {[%clk 0:46:27]} dxe5 {[%clk
1:01:16]} Nd7 {[%clk 0:46:49]} f4 {[%clk 0:54:21]} Nc5 {[%clk 0:47:10]} Bc2
{[%clk 0:52:38]} Bf5 {[%clk 0:43:09]} Be3 {[%clk 0:46:04]} Bxc2 {[%clk 0:37:24]}
Qxc2 {[%clk 0:46:23]} Rc8 {[%clk 0:37:37]} Nd2 {[%clk 0:42:56]} O-O {[%clk
0:35:08]} Rad1 {[%clk 0:34:40]} b5 {[%clk 0:31:20]} Nb3 {[%clk 0:33:01]} Ne4
{[%clk 0:28:25]} Nd2 {[%clk 0:32:37]} Nxd2 {[%clk 0:25:41]} Qxd2 {[%clk
0:31:42]} e6 {[%clk 0:26:07]} Bd4 {[%clk 0:30:35]} Rc4 {[%clk 0:24:14]} b3
{[%clk 0:29:02]} Rc6 {[%clk 0:24:33]} Ra1 {[%clk 0:28:42]} Qb8 {[%clk 0:21:47]}
Qd3 {[%clk 0:22:10]} b4 {[%clk 0:16:08]} cxb4 {[%clk 0:20:05]} Qxb4 {[%clk
0:16:33]} a3 {[%clk 0:15:32]} Qb7 {[%clk 0:16:53]} Rac1 {[%clk 0:14:16]} Rfc8
{[%clk 0:17:06]} Be3 {[%clk 0:11:42]} Bf8 {[%clk 0:14:24]} b4 {[%clk 0:12:02]}
Rc4 {[%clk 0:10:13]} Rxc4 {[%clk 0:12:10]} dxc4 {[%clk 0:09:37]} Qc3 {[%clk
0:11:41]} Qd5 {[%clk 0:09:03]} Rf2 {[%clk 0:09:28]} Qd1+ {[%clk 0:07:31]} Rf1
{[%clk 0:09:50]} Qd5 {[%clk 0:05:53]} Rf2 {[%clk 0:10:15]} Qd1+ {[%clk 0:04:44]}
Rf1 {[%clk 0:10:43]} Qa4 {[%clk 0:05:11]} Rb1 {[%clk 0:05:58]} Rd8 {[%clk
0:04:04]} Qxc4 {[%clk 0:05:04]} Qxa3 {[%clk 0:04:24]} Bc5 {[%clk 0:03:31]} Bxc5+
{[%clk 0:02:44]} bxc5 {[%clk 0:01:40]} Qe3+ {[%clk 0:03:07]} Kh1 {[%clk
0:02:04]} Rd4 {[%clk 0:03:08]} Qxa6 {[%clk 0:01:33]} Qxf4 {[%clk 0:03:01]} h3
{[%clk 0:07:54]} Rc4 {[%clk 0:12:10]} Qd6 {[%clk 0:05:24]} Kg7 {[%clk 0:12:28]}
Rd1 {[%clk 0:01:08]} Rc2 {[%clk 0:05:32]} Rg1 {[%clk 0:01:08]} Qe4 {[%clk
0:05:23]} Qe7 {[%clk 0:01:14]} Rf2 {[%clk 0:03:59]} Qd6 {[%clk 0:01:30]} g5
{[%clk 0:01:08]} c6 {[%clk 0:01:48]} g4 {[%clk 0:01:17]} Qd8 {[%clk 0:00:52]}
gxh3 {[%clk 0:00:39]} Qg5+ {[%clk 0:01:16]} Kf8 {[%clk 0:00:52]} Qd8+ {[%clk
0:01:41]} Kg7 {[%clk 0:01:20]} Qg5+ {[%clk 0:02:05]} Qg6 {[%clk 0:01:33]} Qxg6+
{[%clk 0:02:21]} fxg6 {[%clk 0:02:01]} Rc1 {[%clk 0:02:20]} hxg2+ {[%clk
0:02:23]} Kg1 {[%clk 0:02:39]} Rf8 {[%clk 0:02:50]} c7 {[%clk 0:01:44]} Rc8
{[%clk 0:03:18]} Kxg2 {[%clk 0:01:51]} Kf7 {[%clk 0:03:43]} Kf3 {[%clk 0:01:38]}
Ke7 {[%clk 0:04:08]} Kf4 {[%clk 0:00:48]} Kd7 {[%clk 0:04:05]} Kg5 {[%clk
0:00:59]} Rxc7 {[%clk 0:00:47]} Rh1 {[%clk 0:00:50]} Ke8 {[%clk 0:00:45]} Kf6
{[%clk 0:00:06]} Rf7+ {[%clk 0:00:36]} Kxe6 {[%clk 0:01:38]} Kf8 {[%clk
0:00:45]} Kd6 {[%clk 0:01:35]} h5 {[%clk 0:00:53]} e6 {[%clk 0:01:07]} Rf2
{[%clk 0:01:17]} Ra1 {[%clk 0:00:43]} Rd2+ {[%clk 0:00:53]} Ke5 {[%clk 0:01:08]}
Kg7 {[%clk 0:00:57]} Ra7+ {[%clk 0:00:39]} Kh6 {[%clk 0:01:23]} e7 {[%clk
0:00:58]} Re2+ {[%clk 0:00:59]} Kf6 {[%clk 0:01:26]} Rf2+ {[%clk 0:00:44]} Ke6
{[%clk 0:01:45]} Re2+ {[%clk 0:01:03]} Kf7 {[%clk 0:00:43]} Rf2+ {[%clk
0:01:30]} Ke6 {[%clk 0:00:55]} Re2+ {[%clk 0:01:57]} Kf7 {[%clk 0:01:21]} Rf2+
{[%clk 0:02:24]} Ke6 {[%clk 0:00:00]}

[Variant "Standard"]
[Site "Europe Echecs"]

[Event "Open International Graz"]
[Date "2026.02.20"]
[White "Pranesh M"]
[Black "Gschnitzer, Adrian"]
[WhiteElo "2627"]
[BlackElo "2429"]
[Round "9.9.4"]
[Result "1-0"]

e4 {[%clk 1:30:59]} c5 {[%clk 1:30:54]} Nf3 {[%clk 1:31:00]} d6 {[%clk 1:31:16]}
d4 {[%clk 1:31:26]} cxd4 {[%clk 1:31:40]} Nxd4 {[%clk 1:31:52]} Nf6 {[%clk
1:32:00]} Nc3 {[%clk 1:32:18]} a6 {[%clk 1:32:23]} Bd3 {[%clk 1:32:35]} g6
{[%clk 1:32:38]} f3 {[%clk 1:32:53]} Qb6 {[%clk 1:32:38]} a3 {[%clk 1:32:58]}
Nc6 {[%clk 1:32:33]} Be3 {[%clk 1:33:07]} e5 {[%clk 1:32:44]} Nf5 {[%clk
1:33:29]} Qd8 {[%clk 1:33:06]} Ng3 {[%clk 1:33:49]} Bg7 {[%clk 1:33:06]} O-O
{[%clk 1:33:52]} O-O {[%clk 1:32:47]} Qd2 {[%clk 1:33:47]} Be6 {[%clk 1:32:55]}
Rad1 {[%clk 1:34:04]} Rc8 {[%clk 1:32:54]} Bg5 {[%clk 1:34:03]} Ne7 {[%clk
1:07:37]} f4 {[%clk 1:32:53]} Ng4 {[%clk 0:40:58]} f5 {[%clk 1:25:52]} Qb6+
{[%clk 0:36:59]} Kh1 {[%clk 1:26:06]} f6 {[%clk 0:37:17]} h3 {[%clk 1:19:40]}
fxg5 {[%clk 0:37:25]} hxg4 {[%clk 1:19:49]} Qxb2 {[%clk 0:36:48]} Nge2 {[%clk
1:08:01]} Bd7 {[%clk 0:34:25]} Rb1 {[%clk 1:05:58]} Qxa3 {[%clk 0:34:53]} Rxb7
{[%clk 1:06:11]} Rcd8 {[%clk 0:34:41]} Qxg5 {[%clk 1:06:06]} Bf6 {[%clk
0:31:46]} Qd2 {[%clk 0:55:59]} gxf5 {[%clk 0:27:48]} exf5 {[%clk 0:53:13]} Bc6
{[%clk 0:26:20]} Rc7 {[%clk 0:50:56]} Qa5 {[%clk 0:21:38]} Rxc6 {[%clk 0:50:27]}
Nxc6 {[%clk 0:21:56]} g5 {[%clk 0:50:12]} e4 {[%clk 0:18:45]} gxf6 {[%clk
0:48:37]} exd3 {[%clk 0:18:42]} Qg5+ {[%clk 0:47:47]} Kf7 {[%clk 0:19:10]} Nd4
{[%clk 0:46:32]} Qxc3 {[%clk 0:12:58]} Qg7+ {[%clk 0:46:40]} Ke8 {[%clk
0:13:26]} Ne6 {[%clk 0:45:52]} Qxf6 {[%clk 0:13:47]} Nc7# {[%clk 0:46:15]}

[Variant "Standard"]
[Site "Europe Echecs"]

[Event "Open International Graz"]
[Date "2026.02.20"]
[White "Pranav Anand"]
[Black "Sowinski, Pawel"]
[WhiteElo "2606"]
[BlackElo "2413"]
[Round "9.9.5"]
[Result "1-0"]

e4 {[%clk 1:30:56]} c5 {[%clk 1:30:57]} Nf3 {[%clk 1:31:18]} d6 {[%clk 1:31:25]}
d4 {[%clk 1:31:42]} cxd4 {[%clk 1:31:52]} Nxd4 {[%clk 1:32:06]} Nf6 {[%clk
1:32:18]} Nc3 {[%clk 1:32:30]} a6 {[%clk 1:32:45]} f4 {[%clk 1:32:41]} g6 {[%clk
1:31:18]} e5 {[%clk 1:32:36]} dxe5 {[%clk 1:31:43]} fxe5 {[%clk 1:33:02]} Ng4
{[%clk 1:32:09]} e6 {[%clk 1:30:19]} Bxe6 {[%clk 1:32:34]} Be2 {[%clk 1:30:12]}
Ne5 {[%clk 1:27:37]} Nxe6 {[%clk 1:24:40]} Qxd1+ {[%clk 1:27:58]} Nxd1 {[%clk
1:25:01]} fxe6 {[%clk 1:28:21]} O-O {[%clk 1:23:56]} Nbc6 {[%clk 1:26:49]} c3
{[%clk 1:23:58]} O-O-O {[%clk 1:23:54]} Nf2 {[%clk 1:23:23]} Bg7 {[%clk
1:20:41]} Be3 {[%clk 1:19:49]} Rd5 {[%clk 1:17:03]} Rfe1 {[%clk 1:02:44]} h5
{[%clk 1:13:40]} Nh3 {[%clk 0:59:41]} Bh6 {[%clk 1:11:17]} Nf4 {[%clk 0:58:20]}
Bxf4 {[%clk 0:59:20]} Bxf4 {[%clk 0:58:30]} Nd3 {[%clk 0:58:20]} Bxd3 {[%clk
0:56:08]} Rxd3 {[%clk 0:58:47]} Rxe6 {[%clk 0:56:30]} Rg8 {[%clk 0:54:05]} Rae1
{[%clk 0:53:47]} Kd7 {[%clk 0:54:08]} g3 {[%clk 0:47:39]} g5 {[%clk 0:52:14]}
Bc1 {[%clk 0:47:52]} Rd6 {[%clk 0:52:28]} R6e4 {[%clk 0:47:57]} e5 {[%clk
0:44:38]} g4 {[%clk 0:47:19]} hxg4 {[%clk 0:43:24]} Rxg4 {[%clk 0:47:25]} Rdg6
{[%clk 0:43:49]} Kg2 {[%clk 0:45:48]} Ke6 {[%clk 0:42:43]} a4 {[%clk 0:41:59]}
b5 {[%clk 0:39:51]} h3 {[%clk 0:38:00]} Na5 {[%clk 0:34:58]} Kg3 {[%clk
0:32:35]} Rd8 {[%clk 0:33:05]} axb5 {[%clk 0:21:33]} Rd3+ {[%clk 0:30:11]} Re3
{[%clk 0:21:22]} Rd1 {[%clk 0:29:29]} Ra4 {[%clk 0:18:24]} Rg1+ {[%clk 0:22:34]}
Kh2 {[%clk 0:18:09]} Rxc1 {[%clk 0:22:46]} Rxa5 {[%clk 0:18:36]} Kd5 {[%clk
0:22:19]}

[Variant "Standard"]
[Site "Europe Echecs"]

[Event "Open International Graz"]
[Date "2026.02.20"]
[White "Waldhausen Gordon, Frederick"]
[Black "Socko, Bartosz"]
[WhiteElo "2410"]
[BlackElo "2580"]
[Round "9.9.6"]
[Result "0-1"]

e4 {[%clk 1:30:57]} e5 {[%clk 1:30:53]} Nf3 {[%clk 1:31:20]} Nf6 {[%clk
1:31:19]} Nc3 {[%clk 1:31:02]} Nc6 {[%clk 1:31:28]} Bb5 {[%clk 1:31:19]} Bb4
{[%clk 1:31:35]} O-O {[%clk 1:31:23]} O-O {[%clk 1:31:42]} d3 {[%clk 1:31:26]}
Bxc3 {[%clk 1:31:56]} bxc3 {[%clk 1:31:51]} d6 {[%clk 1:32:15]} Bxc6 {[%clk
1:32:09]} bxc6 {[%clk 1:32:39]} Nd2 {[%clk 1:32:25]} Nd7 {[%clk 1:21:56]} f4
{[%clk 1:29:14]} exf4 {[%clk 1:21:10]} Rxf4 {[%clk 1:29:14]} Ne5 {[%clk
1:21:33]} Qh5 {[%clk 1:24:04]} Rb8 {[%clk 1:14:00]} c4 {[%clk 1:16:40]} g5
{[%clk 0:54:00]} Nf3 {[%clk 0:52:59]} f6 {[%clk 0:31:49]} Nxg5 {[%clk 0:52:03]}
fxg5 {[%clk 0:32:12]} Rxf8+ {[%clk 0:52:06]} Qxf8 {[%clk 0:32:36]} Bxg5 {[%clk
0:52:02]} Qf7 {[%clk 0:22:47]} Qh4 {[%clk 0:50:54]} Bd7 {[%clk 0:23:09]} Rf1
{[%clk 0:49:37]} Qg6 {[%clk 0:23:15]} Bh6 {[%clk 0:43:13]} Ng4 {[%clk 0:13:35]}
Bd2 {[%clk 0:42:50]} Rf8 {[%clk 0:13:16]} Rxf8+ {[%clk 0:41:34]} Kxf8 {[%clk
0:13:40]} Qd8+ {[%clk 0:41:54]} Be8 {[%clk 0:09:22]} h3 {[%clk 0:42:12]} Qf6
{[%clk 0:07:00]} Qxf6+ {[%clk 0:42:26]} Nxf6 {[%clk 0:07:24]} Ba5 {[%clk
0:42:52]} d5 {[%clk 0:06:13]} cxd5 {[%clk 0:41:44]} cxd5 {[%clk 0:06:37]} e5
{[%clk 0:42:10]} Nd7 {[%clk 0:03:15]} Bxc7 {[%clk 0:42:34]} Kf7 {[%clk 0:03:04]}
Kf2 {[%clk 0:42:52]} d4 {[%clk 0:01:13]} Kg3 {[%clk 0:35:09]} Nc5 {[%clk
0:01:10]} Bb8 {[%clk 0:35:30]} a6 {[%clk 0:01:35]} Bd6 {[%clk 0:35:02]} Ne6
{[%clk 0:01:59]} Bb4 {[%clk 0:35:29]} Kg6 {[%clk 0:02:07]} c3 {[%clk 0:35:11]}
Kf5 {[%clk 0:02:30]} cxd4 {[%clk 0:35:10]} Nxd4 {[%clk 0:02:56]} Kh4 {[%clk
0:34:34]} Kxe5 {[%clk 0:02:51]} Kg5 {[%clk 0:34:20]} Bg6 {[%clk 0:03:14]} Bc3
{[%clk 0:34:30]} Bxd3 {[%clk 0:03:36]} Kh6 {[%clk 0:34:51]} Kd5 {[%clk 0:04:01]}
g4 {[%clk 0:35:17]} Kc4 {[%clk 0:03:48]} Bb2 {[%clk 0:35:36]} Ne2 {[%clk
0:14:06]} h4 {[%clk 0:46:10]} Nc3 {[%clk 0:14:29]} a3 {[%clk 0:46:23]} Kb3
{[%clk 0:14:45]} Bc1 {[%clk 0:46:50]} a5 {[%clk 0:09:20]} h5 {[%clk 0:46:11]} a4
{[%clk 0:09:45]} g5 {[%clk 0:46:37]} Ne2 {[%clk 0:09:51]} Be3 {[%clk 0:46:59]}
Kxa3 {[%clk 0:10:11]} Bc5+ {[%clk 0:47:25]} Kb3 {[%clk 0:10:33]} g6 {[%clk
0:47:45]} hxg6 {[%clk 0:10:58]} hxg6 {[%clk 0:48:12]} Nf4 {[%clk 0:09:23]} g7
{[%clk 0:48:34]} Bc4 {[%clk 0:09:48]} Bd6 {[%clk 0:47:53]} Nd3 {[%clk 0:10:07]}
Kg5 {[%clk 0:48:14]} Nb4 {[%clk 0:09:30]} Kf4 {[%clk 0:48:35]} a3 {[%clk
0:09:47]} Ke3 {[%clk 0:49:01]} a2 {[%clk 0:09:23]} Be5 {[%clk 0:49:27]} Kc2
{[%clk 0:08:49]} Ba1 {[%clk 0:49:16]} Nd3 {[%clk 0:08:59]} Kd4 {[%clk 0:49:23]}
Bg8 {[%clk 0:09:23]} Ke3 {[%clk 0:49:39]} Nb2 {[%clk 0:09:46]} Ke2 {[%clk
0:49:58]} Kb1 {[%clk 0:09:19]} Kd2 {[%clk 0:50:23]} Kxa1 {[%clk 0:09:34]} Kc1
{[%clk 0:50:48]} Bh7 {[%clk 0:09:49]} g8=N {[%clk 0:50:58]} Bxg8 {[%clk
0:10:11]}

[Variant "Standard"]
[Site "Europe Echecs"]

[Event "Open International Graz"]
[Date "2026.02.20"]
[White "Chasin, Nico"]
[Black "Sniedziewski, Emil"]
[WhiteElo "2523"]
[BlackElo "1973"]
[Round "9.9.7"]
[Result "1-0"]

d4 {[%clk 1:24:44]} d5 {[%clk 1:30:46]} c4 {[%clk 1:24:49]} e6 {[%clk 1:31:09]}
Nf3 {[%clk 1:25:03]} Nf6 {[%clk 1:31:33]} Nc3 {[%clk 1:25:31]} Nbd7 {[%clk
1:31:49]} cxd5 {[%clk 1:22:02]} exd5 {[%clk 1:32:16]} Bf4 {[%clk 1:22:14]} c6
{[%clk 1:31:29]} h3 {[%clk 1:20:13]} Be7 {[%clk 1:24:41]} e3 {[%clk 1:20:38]}
O-O {[%clk 1:23:53]} Bd3 {[%clk 1:21:07]} Re8 {[%clk 1:24:07]} O-O {[%clk
1:21:08]} Nf8 {[%clk 1:22:21]} Ne5 {[%clk 1:11:50]} Bd6 {[%clk 1:21:11]} Bg3
{[%clk 1:10:37]} c5 {[%clk 1:18:04]} Rc1 {[%clk 1:08:10]} a6 {[%clk 1:15:26]} f4
{[%clk 1:02:01]} cxd4 {[%clk 1:11:20]} exd4 {[%clk 1:02:22]} Qb6 {[%clk
1:11:04]} Kh1 {[%clk 0:56:18]} Ng6 {[%clk 1:05:17]} Re1 {[%clk 0:53:08]} Qxb2
{[%clk 0:58:17]} f5 {[%clk 0:40:48]} Nf8 {[%clk 0:54:38]} Qf3 {[%clk 0:36:55]}
Bd7 {[%clk 0:52:03]} Bh4 {[%clk 0:25:30]} Ne4 {[%clk 0:47:30]} Nxd5 {[%clk
0:24:31]} Rxe5 {[%clk 0:43:40]} dxe5 {[%clk 0:22:06]} Qxe5 {[%clk 0:43:26]} Nf6+
{[%clk 0:16:06]} gxf6 {[%clk 0:42:16]} g3 {[%clk 0:16:28]} Qxf5 {[%clk 0:31:45]}
Qxf5 {[%clk 0:16:34]} Bxf5 {[%clk 0:31:35]} Bxe4 {[%clk 0:17:01]} Bxe4+ {[%clk
0:31:06]} Rxe4 {[%clk 0:17:30]} Be5 {[%clk 0:31:23]} g4 {[%clk 0:14:59]} Ng6
{[%clk 0:29:53]} Bf2 {[%clk 0:13:16]} Rd8 {[%clk 0:29:54]} Be3 {[%clk 0:10:32]}
Rd3 {[%clk 0:29:10]} Kg2 {[%clk 0:10:49]} Kg7 {[%clk 0:29:13]} Kf2 {[%clk
0:10:33]} Ra3 {[%clk 0:27:58]} Rc2 {[%clk 0:10:57]} b5 {[%clk 0:27:48]} Rb4
{[%clk 0:10:21]} Ne7 {[%clk 0:27:22]} Rb3 {[%clk 0:10:15]} Rxb3 {[%clk 0:25:07]}
axb3 {[%clk 0:10:40]} a5 {[%clk 0:25:28]} Rc5 {[%clk 0:09:48]} a4 {[%clk
0:25:39]} Rxb5 {[%clk 0:10:08]} axb3 {[%clk 0:25:39]} Rxb3 {[%clk 0:10:37]} f5
{[%clk 0:21:47]} Rb5 {[%clk 0:10:39]} Ba1 {[%clk 0:18:04]} Bc5 {[%clk 0:09:45]}
Ng6 {[%clk 0:15:03]} gxf5 {[%clk 0:08:01]} Ne5 {[%clk 0:11:00]} Ke3 {[%clk
0:07:01]} Nd7 {[%clk 0:08:45]} Bd4+ {[%clk 0:06:21]} Bxd4+ {[%clk 0:09:12]} Kxd4
{[%clk 0:06:46]} h6 {[%clk 0:09:06]} Ke4 {[%clk 0:06:39]} Nf6+ {[%clk 0:09:24]}
Kf4 {[%clk 0:06:44]} Nh5+ {[%clk 0:09:44]} Ke5 {[%clk 0:06:46]} Nf6 {[%clk
0:09:56]} Rb7 {[%clk 0:07:11]} Nh7 {[%clk 0:10:02]} Rb3 {[%clk 0:07:40]} Ng5
{[%clk 0:08:36]} h4 {[%clk 0:07:53]} f6+ {[%clk 0:09:00]} Kd6 {[%clk 0:08:15]}
Ne4+ {[%clk 0:09:25]} Ke7 {[%clk 0:08:41]} h5 {[%clk 0:08:50]} Rb7 {[%clk
0:08:59]} Kg8 {[%clk 0:09:49]} Rb4 {[%clk 0:09:17]} Nc3 {[%clk 0:10:09]} Rc4
{[%clk 0:09:05]} Nd5+ {[%clk 0:10:32]} Ke6 {[%clk 0:09:31]} Ne3 {[%clk 0:10:54]}
Rc8+ {[%clk 0:09:59]} Kg7 {[%clk 0:11:14]} Rc7+ {[%clk 0:10:26]} Kh6 {[%clk
0:11:33]} Rf7 {[%clk 0:10:37]} Nxf5 {[%clk 0:10:53]} Rxf6+ {[%clk 0:11:03]}

[Variant "Standard"]
[Site "Europe Echecs"]

[Event "Open International Graz"]
[Date "2026.02.20"]
[White "Klimkowski, Jan"]
[Black "Noy, Eyal"]
[WhiteElo "2532"]
[BlackElo "2261"]
[Round "9.9.8"]
[Result "1-0"]

d4 {[%clk 1:30:55]} Nf6 {[%clk 1:30:17]} c4 {[%clk 1:31:17]} e6 {[%clk 1:30:38]}
Nc3 {[%clk 1:31:27]} Bb4 {[%clk 1:30:41]} e3 {[%clk 1:31:37]} O-O {[%clk
1:31:01]} Bd2 {[%clk 1:32:02]} d5 {[%clk 1:29:51]} a3 {[%clk 1:30:35]} Be7
{[%clk 1:23:53]} Nf3 {[%clk 1:30:34]} b6 {[%clk 1:20:56]} cxd5 {[%clk 1:30:43]}
exd5 {[%clk 1:21:01]} g3 {[%clk 1:31:07]} c5 {[%clk 1:14:20]} Bg2 {[%clk
1:31:30]} Nc6 {[%clk 1:09:25]} O-O {[%clk 1:30:13]} Bb7 {[%clk 1:02:42]} Qc2
{[%clk 1:20:48]} Rc8 {[%clk 1:00:05]} Bh3 {[%clk 1:19:27]} Rb8 {[%clk 0:59:04]}
Rad1 {[%clk 1:09:36]} Bc8 {[%clk 0:49:19]} Bg2 {[%clk 1:07:20]} Bg4 {[%clk
0:48:56]} dxc5 {[%clk 1:01:23]} bxc5 {[%clk 0:48:48]} h3 {[%clk 1:01:49]} Bh5
{[%clk 0:37:55]} Bc1 {[%clk 1:01:23]} Qd6 {[%clk 0:30:49]} g4 {[%clk 0:54:20]}
Bg6 {[%clk 0:30:30]} Qa4 {[%clk 0:54:46]} Rfc8 {[%clk 0:23:49]} g5 {[%clk
0:49:39]} Ne4 {[%clk 0:22:19]} Nxd5 {[%clk 0:49:39]} Nxg5 {[%clk 0:18:38]} Nxg5
{[%clk 0:47:35]} Bxg5 {[%clk 0:19:04]} Nb4 {[%clk 0:39:25]} Nd4 {[%clk 0:16:06]}
exd4 {[%clk 0:39:51]} cxb4 {[%clk 0:15:26]} Bxg5 {[%clk 0:40:16]} Bc2 {[%clk
0:15:39]} Qxa7 {[%clk 0:38:52]} Bxd1 {[%clk 0:15:58]} Rxd1 {[%clk 0:39:19]} b3
{[%clk 0:15:20]} Be7 {[%clk 0:30:44]} Qg6 {[%clk 0:10:23]} d5 {[%clk 0:27:50]}
Qc2 {[%clk 0:02:06]} Qd4 {[%clk 0:28:15]} Rc4 {[%clk 0:01:58]} Qd3 {[%clk
0:27:46]} Rf4 {[%clk 0:01:04]} Rd2 {[%clk 0:26:56]} Rc8 {[%clk 0:00:38]} d6
{[%clk 0:26:19]} Qc1+ {[%clk 0:00:32]} Kh2 {[%clk 0:26:33]} Rc2 {[%clk 0:00:40]}
d7 {[%clk 0:26:46]}

[Variant "Standard"]
[Site "Europe Echecs"]

[Event "Open International Graz"]
[Date "2026.02.20"]
[White "Oktem, Ege Tuna"]
[Black "Deuer, Marius"]
[WhiteElo "2356"]
[BlackElo "2502"]
[Round "9.9.9"]
[Result "1-0"]

e4 {[%clk 1:30:57]} c6 {[%clk 1:30:48]} c4 {[%clk 1:31:20]} d5 {[%clk 1:31:11]}
exd5 {[%clk 1:31:44]} cxd5 {[%clk 1:31:37]} cxd5 {[%clk 1:32:09]} Nf6 {[%clk
1:31:58]} Nc3 {[%clk 1:32:34]} Nxd5 {[%clk 1:32:22]} Nf3 {[%clk 1:32:59]} e6
{[%clk 1:32:18]} Bc4 {[%clk 1:33:24]} Be7 {[%clk 1:32:43]} O-O {[%clk 1:33:28]}
O-O {[%clk 1:33:08]} d4 {[%clk 1:32:18]} Nc6 {[%clk 1:33:28]} Re1 {[%clk
1:32:10]} Bf6 {[%clk 1:33:51]} Ne4 {[%clk 1:32:31]} b6 {[%clk 1:34:17]} Bxd5
{[%clk 1:25:37]} exd5 {[%clk 1:33:30]} Nxf6+ {[%clk 1:26:02]} Qxf6 {[%clk
1:33:54]} Ne5 {[%clk 1:26:08]} Bf5 {[%clk 1:16:52]} Nxc6 {[%clk 1:25:16]} Qxc6
{[%clk 1:17:16]} Bf4 {[%clk 1:25:36]} Rac8 {[%clk 1:12:05]} Rc1 {[%clk 1:25:13]}
Qg6 {[%clk 1:11:34]} Qf3 {[%clk 1:24:08]} Be6 {[%clk 1:09:28]} Qg3 {[%clk
1:22:21]} Rc4 {[%clk 1:04:24]} Qxg6 {[%clk 1:09:30]} hxg6 {[%clk 1:04:46]} Rxc4
{[%clk 1:08:57]} dxc4 {[%clk 1:05:10]} Bd2 {[%clk 1:09:22]} Rd8 {[%clk 0:57:15]}
Bc3 {[%clk 1:09:51]} Rd6 {[%clk 0:54:40]} f3 {[%clk 1:09:56]} f6 {[%clk
0:53:56]} Kf2 {[%clk 1:08:52]} Kf7 {[%clk 0:54:21]} h4 {[%clk 1:09:13]} a5
{[%clk 0:43:06]} Rh1 {[%clk 1:08:05]} Rd5 {[%clk 0:41:42]} g4 {[%clk 1:05:54]}
Ke7 {[%clk 0:39:43]} Kg3 {[%clk 1:03:00]} Bf7 {[%clk 0:39:11]} f4 {[%clk
1:01:32]} Kd7 {[%clk 0:37:24]} Re1 {[%clk 0:57:47]} Be6 {[%clk 0:36:23]} Rh1
{[%clk 0:58:09]} Kc6 {[%clk 0:30:37]} h5 {[%clk 0:54:40]} gxh5 {[%clk 0:30:57]}
gxh5 {[%clk 0:55:08]} Rd8 {[%clk 0:21:59]} h6 {[%clk 0:54:03]} Rg8 {[%clk
0:18:05]} hxg7 {[%clk 0:47:24]} Rxg7+ {[%clk 0:17:51]} Kf2 {[%clk 0:47:53]} Kd5
{[%clk 0:13:41]} Rh6 {[%clk 0:48:06]} f5 {[%clk 0:13:51]} Rxe6 {[%clk 0:48:16]}
Kxe6 {[%clk 0:03:37]} d5+ {[%clk 0:48:45]} Kxd5 {[%clk 0:03:05]} Bxg7 {[%clk
0:49:12]} Ke4 {[%clk 0:03:27]} Kg3 {[%clk 0:49:38]} b5 {[%clk 0:14:07]} Be5
{[%clk 1:02:07]} b4 {[%clk 0:05:49]} Kh4 {[%clk 1:01:24]} c3 {[%clk 0:01:25]}
bxc3 {[%clk 1:01:52]} bxc3 {[%clk 0:01:48]} Kg5 {[%clk 1:02:14]} Kd3 {[%clk
0:00:34]} Bxc3 {[%clk 0:58:07]} Kxc3 {[%clk 0:00:58]} Kxf5 {[%clk 0:58:36]} a4
{[%clk 0:01:11]} Ke4 {[%clk 0:59:05]} a3 {[%clk 0:01:12]} f5 {[%clk 0:59:34]}
Kb2 {[%clk 0:01:35]} f6 {[%clk 1:00:02]} Kxa2 {[%clk 0:01:34]} f7 {[%clk
1:00:31]} Kb1 {[%clk 0:01:47]} f8=Q {[%clk 1:00:57]} a2 {[%clk 0:02:10]} Qf1+
{[%clk 1:01:24]} Kb2 {[%clk 0:02:32]} Qf2+ {[%clk 1:01:52]} Kb1 {[%clk 0:02:37]}
Kd3 {[%clk 1:02:19]}

[Variant "Standard"]
[Site "Europe Echecs"]

[Event "Open International Graz"]
[Date "2026.02.20"]
[White "Hamitevici, Vladimir"]
[Black "Zielonka, Adam"]
[WhiteElo "2433"]
[BlackElo "2348"]
[Round "9.9.10"]
[Result "1-0"]

d4 {[%clk 1:30:24]} Nf6 {[%clk 1:30:54]} c4 {[%clk 1:30:47]} e6 {[%clk 1:31:11]}
Nf3 {[%clk 1:30:04]} b6 {[%clk 1:31:09]} g3 {[%clk 1:30:27]} Bb7 {[%clk
1:31:35]} Bg2 {[%clk 1:30:52]} Be7 {[%clk 1:32:00]} O-O {[%clk 1:31:15]} O-O
{[%clk 1:32:22]} Re1 {[%clk 1:31:32]} Na6 {[%clk 1:31:38]} h4 {[%clk 1:31:38]}
h6 {[%clk 1:30:42]} Bf4 {[%clk 1:29:55]} d5 {[%clk 1:12:27]} Ne5 {[%clk
1:29:32]} c5 {[%clk 1:04:42]} Nc3 {[%clk 1:26:30]} cxd4 {[%clk 0:50:16]} Qxd4
{[%clk 1:26:48]} Nc5 {[%clk 0:48:29]} Red1 {[%clk 1:22:39]} dxc4 {[%clk
0:45:52]} Qxc4 {[%clk 1:16:37]} Qc8 {[%clk 0:38:00]} b4 {[%clk 1:14:20]} Bxg2
{[%clk 0:37:14]} Kxg2 {[%clk 1:12:59]} Na6 {[%clk 0:34:14]} b5 {[%clk 0:52:24]}
Qxc4 {[%clk 0:30:36]} Nxc4 {[%clk 0:52:16]} Rac8 {[%clk 0:22:22]} bxa6 {[%clk
0:52:07]} Rxc4 {[%clk 0:22:50]} Rd3 {[%clk 0:50:47]} Nd5 {[%clk 0:18:40]} Nxd5
{[%clk 0:50:51]} exd5 {[%clk 0:19:08]} Rxd5 {[%clk 0:41:19]} Ra4 {[%clk
0:16:46]} Rd7 {[%clk 0:40:38]} Bf6 {[%clk 0:17:09]} Rc1 {[%clk 0:40:45]} Rxa6
{[%clk 0:17:32]} Rc2 {[%clk 0:36:42]} Re8 {[%clk 0:16:20]} e3 {[%clk 0:35:12]}
Re7 {[%clk 0:13:48]} Rxe7 {[%clk 0:23:25]} Bxe7 {[%clk 0:14:16]} Rc8+ {[%clk
0:23:49]} Kh7 {[%clk 0:14:40]} Rc7 {[%clk 0:24:15]} Bb4 {[%clk 0:10:01]} Rxf7
{[%clk 0:24:17]} Kg6 {[%clk 0:10:20]} Rc7 {[%clk 0:21:18]} Rxa2 {[%clk 0:10:42]}
Be5 {[%clk 0:21:21]} Be1 {[%clk 0:10:06]} g4 {[%clk 0:21:16]} Rxf2+ {[%clk
0:10:11]} Kg1 {[%clk 0:21:34]}

[Variant "Standard"]
[Site "Europe Echecs"]

[Event "Open International Graz"]
[Date "2026.02.20"]
[White "Krawczyk, Flawian"]
[Black "Kushagra Mohan"]
[WhiteElo "2334"]
[BlackElo "2432"]
[Round "9.9.11"]
[Result "1/2-1/2"]

e4 {[%clk 1:30:56]} e5 {[%clk 1:30:57]} Nf3 {[%clk 1:31:18]} Nc6 {[%clk
1:31:24]} Bc4 {[%clk 1:31:43]} Nf6 {[%clk 1:31:50]} d3 {[%clk 1:32:09]} h6
{[%clk 1:32:11]} Nc3 {[%clk 1:32:17]} d6 {[%clk 1:32:31]} a4 {[%clk 1:32:07]} g6
{[%clk 1:32:45]} a5 {[%clk 1:30:48]} a6 {[%clk 1:33:06]} d4 {[%clk 1:23:21]}
exd4 {[%clk 1:23:19]} Nxd4 {[%clk 1:23:29]} Nxd4 {[%clk 1:23:21]} Qxd4 {[%clk
1:23:49]} Bg7 {[%clk 1:23:49]} Nd5 {[%clk 1:18:03]} Be6 {[%clk 1:22:12]} O-O
{[%clk 1:17:14]} Bxd5 {[%clk 1:20:53]} Bxd5 {[%clk 1:17:05]} c6 {[%clk 1:21:09]}
Bb3 {[%clk 1:15:26]} O-O {[%clk 1:21:33]} Qb4 {[%clk 1:13:45]} Qe7 {[%clk
1:16:33]} e5 {[%clk 1:02:55]} Qxe5 {[%clk 1:16:33]} Bf4 {[%clk 0:54:40]} Qe4
{[%clk 1:16:54]} Bxd6 {[%clk 0:54:48]} Qxb4 {[%clk 1:17:16]} Bxb4 {[%clk
0:55:13]} Rfe8 {[%clk 1:17:37]} Rad1 {[%clk 0:53:25]} Rad8 {[%clk 1:17:54]} Rfe1
{[%clk 0:51:14]} Rxe1+ {[%clk 1:15:33]} Rxe1 {[%clk 0:51:13]} Nd5 {[%clk
1:15:10]} Rd1 {[%clk 0:49:53]} Bf6 {[%clk 1:13:44]} Bxd5 {[%clk 0:47:21]} Rxd5
{[%clk 1:13:32]} Rxd5 {[%clk 0:47:46]} cxd5 {[%clk 1:13:59]} b3 {[%clk 0:48:10]}
Bd4 {[%clk 1:14:10]} Kf1 {[%clk 0:48:30]} f5 {[%clk 1:14:36]} Ke2 {[%clk
0:48:48]} Kf7 {[%clk 1:15:03]} c3 {[%clk 0:48:49]} Be5 {[%clk 1:15:26]} g3
{[%clk 0:49:12]} Ke6 {[%clk 1:15:34]}

[Variant "Standard"]
[Site "Europe Echecs"]